[Event "GER-chT U14 Girls"]
[Site "Regensburg"]
[Date "2014.12.29"]
[Round "5.4"]
[White "Belusa, Laura Sophie"]
[Black "Shvartsman, Julia"]
[Result "1-0"]
[WhiteElo "1126"]
[BlackElo "1035"]
[PlyCount "87"]
[EventDate "2014.12.27"]
[EventType "team-swiss"]
[EventRounds "7"]
[EventCountry "GER"]
[SourceTitle "EXT 2016"]
[Source "ChessBase"]
[SourceDate "2015.10.08"]
[SourceVersion "1"]
[SourceVersionDate "2015.10.08"]
[SourceQuality "1"]
[WhiteTeam "Chemnitz USG"]
[BlackTeam "Graefelfing"]
[WhiteTeamCountry "GER"]
[BlackTeamCountry "GER"]

1. e4 e5 2. Nf3 Nc6 3. d4 exd4 4. Nxd4 Bc5 5. Be3 Bb6 6. Nc3 Nf6 7. Be2 d5 8. exd5 Nxd5 9. 0-0 Nxe3 10. fxe3 Nxd4 11. exd4 Bxd4+ 12. Kh1 0-0 13. Qd3 c5 14. Rf3 Qg5 15. Rg3 Qf5 16. Rf1 Qxd3 17. Bxd3 Be5 18. Rg5 Bd4 19. Nd5 f6 20. Rh5 h6 21. Ne7+ Kf7 22. Ng6 Re8 23. c3 Re3 24. Bb1 Bxc3 25. bxc3 Rxc3 26. Ne5+ Kf8 27. a4 a6 28. Ba2 Ke7 29. Ng6+ Kd6 30. Rd1+ Kc7 31. h3 Rc2 32. Bf7 b5 33. a5 Bb7 34. Nf4 b4 35. Bd5 c4 36. Ne6+ Kc8 37. Bxc4 Bxg2+ 38. Kg1 Bf3 39. Rc5+ Kb8 40. Rd8+ Ka7 41. Rc7+ Bb7 42. Rxb7+ Kxb7 43. Bd5+ Ka7 44. Rxa8# 1-0

[Event "GER-chT U14 Girls"]
[Site "Magdeburg"]
[Date "2012.12.28"]
[Round "4.4"]
[White "Belusa, Laura Sophie"]
[Black "Giede, Anna Blume"]
[Result "0-1"]
[WhiteElo "1023"]
[BlackElo "1177"]
[PlyCount "104"]
[EventDate "2012.12.27"]
[EventType "team-swiss"]
[EventRounds "7"]
[EventCountry "GER"]
[SourceTitle "EXT 2014"]
[Source "ChessBase"]
[SourceDate "2013.11.20"]
[SourceVersion "1"]
[SourceVersionDate "2013.11.20"]
[SourceQuality "1"]
[WhiteTeam "Chemnitz USG"]
[BlackTeam "Harksheide"]
[WhiteTeamCountry "GER"]
[BlackTeamCountry "GER"]

1. e4 d5 2. f3 Nf6 3. d3 e5 4. Ne2 Nc6 5. c3 Bc5 6. d4 exd4 7. cxd4 Bb4+ 8. Bd2 Be7 9. e5 Nd7 10. Nbc3 Nb6 11. g3 Bf5 12. Be3 Nc4 13. Bd2 Nb4 14. Kf2 Bc2 15. Qxc2 Nxc2 16. Rc1 Nb4 17. Rd1 Nd3+ 18. Kg2 Ndxb2 19. Rb1 Nd3 20. Bf4 Nxf4+ 21. Nxf4 Nb6 22. Bb5+ c6 23. Bd3 h5 24. a4 a5 25. Rhf1 g5 26. Nfe2 h4 27. g4 h3+ 28. Kg3 f6 29. e6 Qd6+ 30. Kf2 Qxe6 31. Bg6+ Kd8 32. Bf5 Qd6 33. Rxb6 Qxh2+ 34. Ke1 Qc7 35. Rb2 Bb4 36. Kd1 h2 37. Rh1 Rb8 38. Kd2 Re8 39. Kd3 Bxc3 40. Nxc3 Qf4 41. Kc2 Qg3 42. Kb3 Rh8 43. Ne2 Qxf3+ 44. Ka2 Qxh1 45. Ng3 Qe1 46. Rb3 h1Q 47. Nxh1 Rxh1 48. Rb1 Qd2+ 49. Rb2 Qxd4 50. Bc2 Rh2 51. Ka1 Rxc2 52. Ka2 Qxb2# 0-1

[Event "Sachsen-ch U12 Girls"]
[Site "Sebnitz"]
[Date "2012.04.14"]
[Round "7"]
[White "Belusa, Laura Sophie"]
[Black "Cozma, Patricia"]
[Result "1/2-1/2"]
[WhiteElo "966"]
[BlackElo "1037"]
[PlyCount "109"]
[EventDate "2012.04.10"]
[EventType "swiss"]
[EventRounds "7"]
[EventCountry "GER"]
[SourceTitle "CBM 148 Extra"]
[Source "ChessBase"]
[SourceDate "2012.06.22"]
[SourceVersion "1"]
[SourceVersionDate "2012.06.22"]
[SourceQuality "1"]

1. e4 e5 2. Bc4 Nf6 3. Nc3 Bc5 4. Nf3 Nc6 5. d3 d6 6. Be3 Bb6 7. Qd2 Ba5 8. a3 Bb6 9. h3 Be6 10. Bb3 Na5 11. Ba4+ Bd7 12. Bxd7+ Qxd7 13. b3 Nc6 14. Qe2 Nd4 15. Qd2 0-0-0 16. Na4 Nxf3+ 17. gxf3 Bd4 18. Bxd4 exd4 19. 0-0-0 Qc6 20. Qb4 Nd7 21. Qxd4 Nc5 22. Nxc5 dxc5 23. Qxg7 f6 24. Qg4+ Kb8 25. Qf4 Rhg8 26. h4 Rg2 27. Rh2 Rxh2 28. Qxh2 h5 29. Qg3 Qd6 30. Qg6 Qf4+ 31. Kb1 Qxh4 32. Qf5 Qxf2 33. Qxf6 Rg8 34. Rh1 a6 35. Qf4 Rg2 36. Rc1 h4 37. Kb2 h3 38. Qh6 h2 39. b4 cxb4 40. axb4 Rg1 41. Qf8+ Ka7 42. b5 Qd4+ 43. c3 Qf2+ 44. Rc2 Qf1 45. Qc5+ Kb8 46. Qf8+ Ka7 47. Qc5+ Ka8 48. Qf8+ Ka7 49. Qc5+ Kb8 50. Qf8+ Ka7 51. Qc5+ Kb8 52. Qf8+ Ka7 53. Qc5+ Kb8 54. Qf8+ Ka7 55. Qc5+ 1/2-1/2

[Event "Sachsen-ch U10 Girls"]
[Site "Sebnitz"]
[Date "2011.04.29"]
[Round "6"]
[White "Grosse, Marlene"]
[Black "Belusa, Laura Sophie"]
[Result "0-1"]
[WhiteElo "1047"]
[BlackElo "908"]
[PlyCount "92"]
[EventDate "2011.04.26"]
[EventType "swiss"]
[EventRounds "7"]
[EventCountry "GER"]
[SourceTitle "EXT 2012"]
[Source "ChessBase"]
[SourceDate "2011.11.24"]
[SourceVersion "1"]
[SourceVersionDate "2011.11.24"]
[SourceQuality "1"]

1. e4 c5 2. Nf3 Nc6 3. d4 Qa5+ 4. Bd2 Qb6 5. b3 cxd4 6. Bc4 g6 7. 0-0 Bg7 8. Bf4 d3 9. c3 e5 10. Be3 Qc7 11. Qxd3 d6 12. h3 Nf6 13. Qd2 Bd7 14. Bd3 d5 15. Qc2 0-0 16. Re1 dxe4 17. Bxe4 Nxe4 18. Qxe4 Bf5 19. Qh4 e4 20. Nfd2 Rfe8 21. Bh6 Bxh6 22. Qxh6 a5 23. Na3 Qe5 24. Rac1 b5 25. b4 axb4 26. Nab1 Rxa2 27. c4 Qb2 28. cxb5 Nd4 29. Rf1 Ne2+ 30. Kh1 Nxc1 31. Re1 e3 32. Rxe3 Rxe3 33. Qxe3 Bxb1 34. Nxb1 Qxb1 35. Qe8+ Kg7 36. Qe5+ Kh6 37. Qf4+ g5 38. Qf6+ Qg6 39. Qe7 Nd3 40. Qf8+ Qg7 41. Qd6+ f6 42. Qxd3 Ra1+ 43. Kh2 Qc7+ 44. g3 Qc1 45. Qxh7+ Kxh7 46. b6 Qg1# 0-1

[Event "Sachsen-ch U10 Girls"]
[Site "Sebnitz"]
[Date "2011.04.27"]
[Round "3"]
[White "Belusa, Laura Sophie"]
[Black "Haag, Lea"]
[Result "1-0"]
[WhiteElo "908"]
[BlackElo "1013"]
[PlyCount "51"]
[EventDate "2011.04.26"]
[EventType "swiss"]
[EventRounds "7"]
[EventCountry "GER"]
[SourceTitle "EXT 2012"]
[Source "ChessBase"]
[SourceDate "2011.11.24"]
[SourceVersion "1"]
[SourceVersionDate "2011.11.24"]
[SourceQuality "1"]

1. e4 e5 2. Bc4 Nf6 3. Nc3 d6 4. d3 Be7 5. Nf3 Be6 6. Bb3 0-0 7. d4 h6 8. d5 Bg4 9. Be3 Nbd7 10. Qd3 Re8 11. h3 Bxf3 12. gxf3 c6 13. 0-0-0 cxd5 14. exd5 b6 15. Rhg1 Nc5 16. Bxc5 bxc5 17. Qe3 Nh5 18. Qxh6 g6 19. Ba4 Rf8 20. Bc6 Rb8 21. Ne4 Nf6 22. Ng5 Qb6 23. b3 Rbc8 24. Nxf7 Rxf7 25. Rxg6+ Rg7 26. Qxg7# 1-0